01328nam a2200325Ia 4500001001200000003000800012006001900020007001500039008004100054010001700095020001500112020001800127020002600145040002100171035002100192050002500213100002400238245011900262260014000381300002000521500002000541533015200561600002400713610004600737650003200783655002900815710001700844856012600861999001500987ebr10696150CaPaEBRm u cr cn|||||||||060516s2006 enka s 001 0aeng d z 2006276428 z1904380190 z9781904380191 z9781906534004 (ebook) aCaPaEBRcCaPaEBR a(OCoLC)66690058814aKD632.B35bA3 2006eb1 aBaker, John,d1925-10aBallot box to jury boxh[electronic resource] :bthe life and times of an English Crown Court judge /cJohn Baker. aWinchester, UK :bWaterside Press ;aPortland, Or. :b[Distributed in North America by] International Specialised Book Services,c2006. a210 p. :bill.  aIncludes index. aElectronic reproduction.bPalo Alto, Calif. :cebrary,d2013.nAvailable via World Wide Web.nAccess may be limited to ebrary affiliated libraries.10aBaker, John,d1925-20aLiberal Party (Great Britain)vBiography. 0aJudgeszEnglandvBiography. 7aElectronic books.2local2 aebrary, Inc.40uhttp://site.ebrary.com/lib/rucke/Doc?id=10696150zAn electronic book accessible through the World Wide Web; click to view c8622d8622